|
|
|
|
| LEADER |
00000nam2a2200000 4500 |
| 001 |
227283 |
| 005 |
20231101230805.0 |
| 035 |
|
|
|a (RuTPU)RU\TPU\book\247699
|
| 035 |
|
|
|a RU\TPU\book\129555
|
| 090 |
|
|
|a 227283
|
| 100 |
|
|
|a 20121204d1988 k y0rusy50 ca
|
| 101 |
0 |
|
|a rus
|
| 102 |
|
|
|a RU
|
| 105 |
|
|
|a a z 001zy
|
| 200 |
0 |
|
|a Вып. 46 : Геомеханические аспекты разработки механизированных крепей
|f под ред. Б. А. Фролова
|
| 210 |
|
|
|d 1988
|
| 215 |
|
|
|a 123 с.
|c ил.
|
| 320 |
|
|
|a Библиография в конце статей
|
| 461 |
|
1 |
|0 (RuTPU)RU\TPU\book\129555
|t Вопросы горного давления
|o сборник научных трудов
|f Академия наук СССР (АН СССР), Сибирское отделение (СО), Институт горного дела (ИГД)
|v Вып. 46 : Геомеханические аспекты разработки механизированных крепей
|d 1959-1989
|
| 606 |
1 |
|
|a Горное давление
|x Исследование
|x Измерение
|x Определение
|2 stltpush
|3 (RuTPU)RU\TPU\subj\7554
|9 35165
|
| 606 |
1 |
|
|a Механизированные передвижные крепи
|2 stltpush
|3 (RuTPU)RU\TPU\subj\43518
|9 63008
|
| 610 |
1 |
|
|a механизированные крепи
|
| 610 |
1 |
|
|a разработка
|
| 610 |
1 |
|
|a геомеханические аспекты
|
| 610 |
1 |
|
|a горные породы
|
| 610 |
1 |
|
|a крепь-породы
|
| 675 |
|
|
|a 622.831.1
|v 3
|
| 675 |
|
|
|a 622.285
|v 3
|
| 702 |
|
1 |
|a Фролов
|b Б. А.
|4 340
|
| 801 |
|
1 |
|a RU
|b 63413507
|c 20070727
|g PSBO
|
| 801 |
|
2 |
|a RU
|b 63413507
|c 20180117
|g PSBO
|
| 942 |
|
|
|c BK
|